[Event "CZE-chT2B 1516"]
[Site "Czech Republic"]
[Date "2016.02.21"]
[Round "8.7"]
[White "Papay, Marek"]
[Black "Kovar, Ladislav1111"]
[Result "1/2-1/2"]
[WhiteElo "1974"]
[BlackElo "1812"]
[PlyCount "89"]
[EventDate "2015.10.18"]
[EventType "team-tourn"]
[EventRounds "11"]
[EventCountry "CZE"]
[SourceTitle "EXT 2022"]
[Source "ChessBase"]
[SourceDate "2021.10.06"]
[SourceVersion "1"]
[SourceVersionDate "2021.10.06"]
[SourceQuality "1"]
[WhiteTeam "Decin"]
[BlackTeam "Litomerice"]
[WhiteTeamCountry "CZE"]
[BlackTeamCountry "CZE"]

1. Nf3 Nf6 2. d4 d5 3. c4 e6 4. Nc3 Be7 5. Bf4 c6 6. e3 0-0 7. Bd3 dxc4 8. Bxc4 Nbd7 9. 0-0 Nd5 10. Bg3 N7f6 11. Re1 Nxc3 12. bxc3 Ne4 13. Qc2 Nxg3 14. hxg3 Qc7 15. Rab1 b6 16. a4 Bd7 17. Ne5 Bd6 18. Nxd7 Qxd7 19. e4 Qc7 20. e5 Be7 21. Bd3 g6 22. Be4 Rad8 23. Rbd1 Kg7 24. f4 c5 25. d5 exd5 26. Bxd5 c4 27. Qe4 Rfe8 28. Bxc4 Rxd1 29. Rxd1 Qc5+ 30. Kh2 Rc8 31. Rd7 Qxc4 32. Qxc4 Rxc4 33. Rxe7 Rxa4 34. e6 Kf6 35. Rxf7+ Kxe6 36. Rxh7 Kf5 37. Kh3 Ra1 38. Rf7+ Ke6 39. Rc7 Kf5 40. Rf7+ Ke6 41. Rf8 Rc1 42. Ra8 Kf5 43. Rf8+ Ke6 44. Re8+ Kf5 45. Rf8+ 1/2-1/2

[Event "CZE-chT2B 1314"]
[Site "Czech Republic"]
[Date "2014.04.06"]
[Round "11.6"]
[White "Papay, Marek"]
[Black "Richter, Martin1111"]
[Result "1-0"]
[WhiteElo "1964"]
[BlackElo "2017"]
[PlyCount "77"]
[EventDate "2013.11.03"]
[EventType "team-tourn"]
[EventRounds "11"]
[EventCountry "CZE"]
[SourceTitle "EXT 2015"]
[Source "ChessBase"]
[SourceDate "2014.11.20"]
[SourceVersion "1"]
[SourceVersionDate "2014.11.20"]
[SourceQuality "1"]
[WhiteTeam "Decin"]
[BlackTeam "Bakov nad Jizerou"]
[WhiteTeamCountry "CZE"]
[BlackTeamCountry "CZE"]

1. d4 d5 2. Nf3 Nf6 3. c4 c6 4. Nc3 e6 5. Bg5 dxc4 6. e4 h6 7. Bxf6 gxf6 8. Bxc4 b5 9. Bb3 Bb7 10. 0-0 Nd7 11. Re1 Qb6 12. d5 Nc5 13. dxe6 fxe6 14. Nh4 Qc7 15. Ng6 Rg8 16. Nxf8 Kxf8 17. Qh5 Nxb3 18. Qxh6+ Qg7 19. Qxg7+ Rxg7 20. axb3 Rd7 21. Red1 Rad8 22. Rxd7 Rxd7 23. Rd1 Rxd1+ 24. Nxd1 c5 25. f3 Ke7 26. Kf2 e5 27. Ke3 Kd6 28. Kd3 Bc8 29. Ne3 Be6 30. Kc3 a6 31. g4 Ke7 32. h4 Kf7 33. Nd5 Kg7 34. b4 c4 35. Nc7 Bc8 36. Kd2 Kg6 37. Ke3 Kf7 38. h5 Kg8 39. Ne8 1-0

[Event "CZE-chT2B 1314"]
[Site "Czech Republic"]
[Date "2014.03.23"]
[Round "10.7"]
[White "Papay, Marek"]
[Black "Kamenik, Martin"]
[Result "1/2-1/2"]
[WhiteElo "1964"]
[BlackElo "2035"]
[PlyCount "26"]
[EventDate "2013.11.03"]
[EventType "team-tourn"]
[EventRounds "11"]
[EventCountry "CZE"]
[SourceTitle "EXT 2015"]
[Source "ChessBase"]
[SourceDate "2014.11.20"]
[SourceVersion "1"]
[SourceVersionDate "2014.11.20"]
[SourceQuality "1"]
[WhiteTeam "Decin"]
[BlackTeam "Most Chess"]
[WhiteTeamCountry "CZE"]
[BlackTeamCountry "CZE"]

1. d4 c5 2. Nf3 cxd4 3. Nxd4 Nc6 4. e3 g6 5. Be2 Bg7 6. 0-0 Nf6 7. c4 0-0 8. Nc3 d6 9. Bd2 Bd7 10. a3 Rc8 11. Rc1 a6 12. Bf3 e5 13. Nb3 Qe7 1/2-1/2

[Event "CZE-chT2B 1314"]
[Site "Czech Republic"]
[Date "2014.03.02"]
[Round "9.6"]
[White "Papay, Marek"]
[Black "Boukal, Petr"]
[Result "1/2-1/2"]
[WhiteElo "1964"]
[BlackElo "2206"]
[PlyCount "55"]
[EventDate "2013.11.03"]
[EventType "team-tourn"]
[EventRounds "11"]
[EventCountry "CZE"]
[SourceTitle "EXT 2015"]
[Source "ChessBase"]
[SourceDate "2014.11.20"]
[SourceVersion "1"]
[SourceVersionDate "2014.11.20"]
[SourceQuality "1"]
[WhiteTeam "Decin"]
[BlackTeam "Vysehrad"]
[WhiteTeamCountry "CZE"]
[BlackTeamCountry "CZE"]

1. d4 Nf6 2. c4 g6 3. Nf3 Bg7 4. Nc3 0-0 5. Bg5 d6 6. e3 c6 7. Be2 a6 8. 0-0 b5 9. a3 Bb7 10. Rc1 bxc4 11. Bxc4 Nbd7 12. Qe2 h6 13. Bh4 Nb6 14. Bd3 Nbd5 15. Bg3 Nxc3 16. bxc3 Nh5 17. Rb1 Nxg3 18. hxg3 Qc7 19. Rb3 Bc8 20. Rfb1 a5 21. a4 Ra7 22. e4 Bg4 23. Qb2 Bxf3 24. gxf3 c5 25. Rb7 Rxb7 26. Qxb7 Qxb7 27. Rxb7 cxd4 28. cxd4 1/2-1/2

[Event "CZE-chT2B 1314"]
[Site "Czech Republic"]
[Date "2014.02.16"]
[Round "8.8"]
[White "Danhel, Lukas"]
[Black "Papay, Marek"]
[Result "1-0"]
[WhiteElo "1670"]
[BlackElo "1964"]
[PlyCount "81"]
[EventDate "2013.11.03"]
[EventType "team-tourn"]
[EventRounds "11"]
[EventCountry "CZE"]
[SourceTitle "EXT 2015"]
[Source "ChessBase"]
[SourceDate "2014.11.20"]
[SourceVersion "1"]
[SourceVersionDate "2014.11.20"]
[SourceQuality "1"]
[WhiteTeam "Praha Bohemians II"]
[BlackTeam "Decin"]
[WhiteTeamCountry "CZE"]
[BlackTeamCountry "CZE"]

1. e4 c6 2. d4 d5 3. exd5 cxd5 4. c4 Nf6 5. Nc3 g6 6. Be3 Bg7 7. h3 0-0 8. Nf3 Nc6 9. c5 b6 10. Bb5 Bb7 11. Bxc6 Bxc6 12. b4 bxc5 13. bxc5 Qa5 14. Bd2 Qc7 15. 0-0 Ne4 16. Re1 Rad8 17. Qc1 Nxd2 18. Qxd2 Rfe8 19. Ne5 f6 20. Nxc6 Qxc6 21. Re2 e5 22. Rae1 e4 23. Qe3 f5 24. Rd1 h6 25. f3 g5 26. f4 Rf8 27. g3 Bf6 28. Rg2 Kh7 29. Kh1 Rb8 30. Rgg1 Rb4 31. a3 Rb3 32. Rb1 Rfb8 33. Qd2 Rxb1 34. Rxb1 Rxb1+ 35. Nxb1 Qa4 36. Nc3 Qxd4 37. Qxd4 Bxd4 38. c6 Bxc3 39. c7 gxf4 40. gxf4 d4 41. c8Q 1-0

[Event "CZE-chT2B 1314"]
[Site "Czech Republic"]
[Date "2013.12.01"]
[Round "3.6"]
[White "Papay, Marek"]
[Black "Trmal, Jaroslav"]
[Result "1/2-1/2"]
[WhiteElo "1964"]
[BlackElo "2218"]
[PlyCount "43"]
[EventDate "2013.11.03"]
[EventType "team-tourn"]
[EventRounds "11"]
[EventCountry "CZE"]
[SourceTitle "EXT 2015"]
[Source "ChessBase"]
[SourceDate "2014.11.20"]
[SourceVersion "1"]
[SourceVersionDate "2014.11.20"]
[SourceQuality "1"]
[WhiteTeam "Decin"]
[BlackTeam "Neratovice"]
[WhiteTeamCountry "CZE"]
[BlackTeamCountry "CZE"]

1. d4 d5 2. Nf3 Nf6 3. c4 c6 4. Nc3 e6 5. Bg5 Nbd7 6. e3 Qa5 7. Nd2 dxc4 8. Bxf6 Nxf6 9. Nxc4 Qc7 10. Be2 Be7 11. 0-0 0-0 12. Rc1 Rd8 13. Qc2 Nd5 14. a3 Bd7 15. Rfd1 Rac8 16. e4 Nxc3 17. Qxc3 Qf4 18. Qf3 Qxf3 19. Bxf3 Rc7 20. Ne3 Be8 21. d5 Kf8 22. dxe6 1/2-1/2

[Event "Teplice op 8th"]
[Site "Teplice"]
[Date "2013.06.15"]
[Round "1"]
[White "Papay, Marek"]
[Black "Burg, Twan"]
[Result "0-1"]
[WhiteElo "1966"]
[BlackElo "2481"]
[PlyCount "48"]
[EventDate "2013.06.15"]
[EventType "swiss"]
[EventRounds "9"]
[EventCountry "CZE"]
[SourceTitle "CBM 155 Extra"]
[Source "ChessBase"]
[SourceDate "2013.08.26"]
[SourceVersion "1"]
[SourceVersionDate "2013.08.26"]
[SourceQuality "1"]

1. d4 Nf6 2. Nf3 e6 3. c4 Bb4+ 4. Bd2 c5 5. e3 0-0 6. Bd3 b6 7. 0-0 Bb7 8. a3 Bxd2 9. Nbxd2 cxd4 10. exd4 d5 11. cxd5 Qxd5 12. Bc4 Qd6 13. Qe2 Rd8 14. Rfd1 Nc6 15. Nf1 Rac8 16. Ne3 Na5 17. Ba6 Bxf3 18. Qxf3 Rc7 19. Rd3 b5 20. Bxb5 Qb6 21. Ba4 Qxb2 22. Qd1 Ne4 23. Qe1 Nc3 24. Nc2 Nxa4 0-1

[Event "CZE-chT2B 1213"]
[Site "Czech Republic"]
[Date "2012.11.18"]
[Round "3.6"]
[White "Papay, Marek"]
[Black "Kolar, Pavel"]
[Result "0-1"]
[WhiteElo "1942"]
[BlackElo "2141"]
[PlyCount "60"]
[EventDate "2012.10.14"]
[EventType "team-tourn"]
[EventRounds "11"]
[EventCountry "CZE"]
[SourceTitle "EXT 2015"]
[Source "ChessBase"]
[SourceDate "2014.11.20"]
[SourceVersion "1"]
[SourceVersionDate "2014.11.20"]
[SourceQuality "1"]
[WhiteTeam "Decin"]
[BlackTeam "Lysa nad Labem III"]
[WhiteTeamCountry "CZE"]
[BlackTeamCountry "CZE"]

1. d4 e6 2. Nf3 Nf6 3. c4 d5 4. Nc3 Be7 5. Bg5 0-0 6. e3 b6 7. Bd3 Bb7 8. 0-0 Nbd7 9. cxd5 Nxd5 10. Bxe7 Qxe7 11. Nxd5 exd5 12. Rc1 c5 13. Qa4 c4 14. Bf5 Nb8 15. Rfe1 g6 16. Bh3 a6 17. Qc2 b5 18. Nd2 Re8 19. b3 Nc6 20. Qb1 Rab8 21. g3 Qd6 22. Bg2 Bc8 23. Kh1 Nb4 24. Rc3 Bf5 25. e4 dxe4 26. Nxe4 Qxd4 27. Rce3 Kg7 28. f3 Nd5 29. Rd1 Qxe3 30. Rxd5 c3 0-1

[Event "CZE-chT2B 1213"]
[Site "Czech Republic"]
[Date "2012.10.14"]
[Round "1.7"]
[White "Papay, Marek"]
[Black "Matonoha, Ctirad"]
[Result "1/2-1/2"]
[WhiteElo "1942"]
[BlackElo "2049"]
[PlyCount "67"]
[EventDate "2012.10.14"]
[EventType "team-tourn"]
[EventRounds "11"]
[EventCountry "CZE"]
[SourceTitle "EXT 2015"]
[Source "ChessBase"]
[SourceDate "2014.11.20"]
[SourceVersion "1"]
[SourceVersionDate "2014.11.20"]
[SourceQuality "1"]
[WhiteTeam "Decin"]
[BlackTeam "Horice"]
[WhiteTeamCountry "CZE"]
[BlackTeamCountry "CZE"]

1. d4 Nf6 2. c4 e6 3. Nf3 b6 4. Nc3 Bb4 5. Bg5 h6 6. Bh4 Bxc3+ 7. bxc3 d5 8. e3 Ba6 9. Qb3 Nbd7 10. Be2 0-0 11. 0-0 c5 12. Ne5 Qc7 13. Nxd7 Nxd7 14. Qa4 Bxc4 15. Bxc4 dxc4 16. Qxc4 Qb7 17. Rab1 Rac8 18. Qd3 cxd4 19. cxd4 Qc6 20. Rfd1 Qc3 21. Qb5 Qc6 22. d5 exd5 23. Qxd5 Qxd5 24. Rxd5 Nc5 25. Be7 Rfe8 26. Bxc5 bxc5 27. Kf1 c4 28. Ke2 Rb8 29. Rxb8 Rxb8 30. Rd2 Kf8 31. Rc2 Ke7 32. Kd2 Rb4 33. Kc3 a5 34. Kd4 1/2-1/2

[Event "Teplice op 7th"]
[Site "Teplice"]
[Date "2012.06.21"]
[Round "6"]
[White "Papay, Marek"]
[Black "Hruby, Vaclav"]
[Result "1-0"]
[WhiteElo "1939"]
[BlackElo "1751"]
[PlyCount "53"]
[EventDate "2012.06.16"]
[EventType "swiss"]
[EventRounds "9"]
[EventCountry "CZE"]
[SourceTitle "CBM 149 Extra"]
[Source "ChessBase"]
[SourceDate "2012.08.24"]
[SourceVersion "1"]
[SourceVersionDate "2012.08.24"]
[SourceQuality "1"]

1. d4 d5 2. Nf3 Nf6 3. c4 c6 4. Nc3 e6 5. Bf4 Be7 6. e3 0-0 7. Bd3 Nbd7 8. 0-0 Re8 9. Re1 h6 10. e4 dxe4 11. Nxe4 Nxe4 12. Bxe4 Nf6 13. Bc2 c5 14. Qd3 cxd4 15. Be5 g6 16. Bxd4 Nd7 17. Qe3 Bf8 18. Ne5 Bg7 19. Rad1 Qc7 20. Nxd7 Bxd7 21. Bxg7 Kxg7 22. Qd3 Kg8 23. Qxd7 Qxc4 24. Bb3 Qb4 25. Qd4 Qa5 26. Qd2 Qb6 27. Qxh6 1-0

[Event "Teplice op 7th"]
[Site "Teplice"]
[Date "2012.06.17"]
[Round "2"]
[White "Papay, Marek"]
[Black "Vnoucek, Pavel"]
[Result "1-0"]
[WhiteElo "1939"]
[BlackElo "1755"]
[PlyCount "89"]
[EventDate "2012.06.16"]
[EventType "swiss"]
[EventRounds "9"]
[EventCountry "CZE"]
[SourceTitle "CBM 149 Extra"]
[Source "ChessBase"]
[SourceDate "2012.08.24"]
[SourceVersion "1"]
[SourceVersionDate "2012.08.24"]
[SourceQuality "1"]

1. d4 Nf6 2. Nf3 g6 3. c4 Bg7 4. Nc3 0-0 5. Bg5 c5 6. e3 Qa5 7. Be2 Ne4 8. Bxe7 cxd4 9. b4 Nxc3 10. bxa5 Nxd1 11. Bxf8 Bxf8 12. Rxd1 dxe3 13. fxe3 Bb4+ 14. Kf2 Bxa5 15. Nd4 a6 16. Nb3 Bd8 17. Bf3 Kf8 18. Nc5 Ra7 19. Ne4 Be7 20. Nd6 Bxd6 21. Rxd6 a5 22. Rb1 Na6 23. e4 Ke7 24. Rbd1 Nc7 25. Bg4 Ne8 26. Rb6 Nc7 27. Ke3 Ra6 28. Rxa6 Nxa6 29. Rd5 Nb8 30. Rxa5 Nc6 31. Rb5 f6 32. c5 Ne5 33. Bh3 Kd8 34. Kd4 Kc7 35. a4 Nc6+ 36. Ke3 Nb8 37. Rb6 Nc6 38. Kf4 Kd8 39. g4 Ne5 40. Rxf6 Nd3+ 41. Ke3 Nxc5 42. Rf7 Nxa4 43. Rxh7 b5 44. Kd4 Ba6 45. Bf1 1-0

[Event "Teplice op 7th"]
[Site "Teplice"]
[Date "2012.06.16"]
[Round "1"]
[White "Lechtynsky, Jiri"]
[Black "Papay, Marek"]
[Result "1-0"]
[WhiteElo "2382"]
[BlackElo "1939"]
[PlyCount "43"]
[EventDate "2012.06.16"]
[EventType "swiss"]
[EventRounds "9"]
[EventCountry "CZE"]
[SourceTitle "CBM 149 Extra"]
[Source "ChessBase"]
[SourceDate "2012.08.24"]
[SourceVersion "1"]
[SourceVersionDate "2012.08.24"]
[SourceQuality "1"]

1. d4 d5 2. Nf3 Nf6 3. c4 e6 4. Nc3 Be7 5. Bf4 0-0 6. e3 b6 7. Bd3 Bb7 8. 0-0 dxc4 9. Bxc4 Nbd7 10. Qe2 c5 11. dxc5 Bxc5 12. Rfd1 Qe7 13. a3 e5 14. Bg5 e4 15. Nh4 h6 16. Rxd7 Qxd7 17. Bxf6 gxf6 18. Rd1 Qc7 19. Qg4+ Kh8 20. Qh5 Rfd8 21. Qxh6+ Kg8 22. Ng6 1-0

[Event "CZE-chT2B 1112"]
[Site "Czech Republic"]
[Date "2012.04.22"]
[Round "11.8"]
[White "Kupsovsky, Vaclav"]
[Black "Papay, Marek"]
[Result "0-1"]
[WhiteElo "2045"]
[BlackElo "1922"]
[PlyCount "94"]
[EventDate "2011.10.09"]
[EventType "team-tourn"]
[EventRounds "11"]
[EventCountry "CZE"]
[SourceTitle "EXT 2013"]
[Source "ChessBase"]
[SourceDate "2012.11.22"]
[SourceVersion "1"]
[SourceVersionDate "2012.11.22"]
[SourceQuality "1"]
[WhiteTeam "Usti nad Labem"]
[BlackTeam "Decin"]
[WhiteTeamCountry "CZE"]
[BlackTeamCountry "CZE"]

1. Nf3 Nf6 2. b3 b6 3. Bb2 e6 4. g3 Bb7 5. Bg2 Be7 6. 0-0 0-0 7. c4 d5 8. Ne5 Nbd7 9. d3 Nxe5 10. Bxe5 Nd7 11. Bb2 c5 12. Nd2 Qc7 13. Qc2 d4 14. b4 Bxg2 15. Kxg2 e5 16. b5 f5 17. a4 a5 18. f3 Rae8 19. Rae1 Bg5 20. Bc1 Nf6 21. Nb3 Bxc1 22. Qxc1 e4 23. Qg5 Qd7 24. h3 e3 25. g4 h6 26. Qxf5 Qxf5 27. gxf5 Nh5 28. Kh2 Rxf5 29. Rg1 Nf4 30. Nc1 Kf7 31. Rg4 Re6 32. Reg1 Rg6 33. Rxg6 Nxg6 34. Rg4 Ne5 35. Rg3 g5 36. Kg1 Kg6 37. Nb3 Kh5 38. Na1 Ng6 39. Nb3 Kh4 40. Rg4+ Kxh3 41. Kf1 Nf4 42. Rg1 Kh2 43. Na1 h5 44. Nc2 h4 45. Ne1 h3 46. Rg4 Nh5 47. f4 Ng3+ 0-1

[Event "CZE-chT2B 1112"]
[Site "Czech Republic"]
[Date "2011.12.04"]
[Round "4.7"]
[White "Papay, Marek"]
[Black "Hlavacek, Tomas"]
[Result "1-0"]
[WhiteElo "1922"]
[BlackElo "2022"]
[PlyCount "55"]
[EventDate "2011.10.09"]
[EventType "team-tourn"]
[EventRounds "11"]
[EventCountry "CZE"]
[SourceTitle "EXT 2013"]
[Source "ChessBase"]
[SourceDate "2012.11.22"]
[SourceVersion "1"]
[SourceVersionDate "2012.11.22"]
[SourceQuality "1"]
[WhiteTeam "Decin"]
[BlackTeam "Karlovy Vary"]
[WhiteTeamCountry "CZE"]
[BlackTeamCountry "CZE"]

1. d4 d5 2. Nf3 Nf6 3. c4 c6 4. Nc3 e6 5. Bg5 dxc4 6. e4 b5 7. e5 h6 8. Bh4 g5 9. Nxg5 hxg5 10. Bxg5 Nbd7 11. exf6 Bb7 12. g3 Qb6 13. Bg2 0-0-0 14. 0-0 Bd6 15. Ne4 Bb8 16. b3 c5 17. bxc4 bxc4 18. Rb1 Qa5 19. Rxb7 Kxb7 20. Nd6+ Kc7 21. Bf4 e5 22. dxe5 Qa6 23. Nxf7 Kc8 24. Nxh8 Rxh8 25. Qg4 Qa4 26. f7 c3 27. Qg8+ Rxg8 28. fxg8Q+ 1-0

[Event "Teplice op 6th"]
[Site "Teplice"]
[Date "2011.06.19"]
[Round "9"]
[White "Simon, Petr"]
[Black "Papay, Marek"]
[Result "1-0"]
[WhiteElo "1775"]
[BlackElo "1965"]
[PlyCount "109"]
[EventDate "2011.06.11"]
[EventType "swiss"]
[EventRounds "9"]
[EventCountry "CZE"]
[SourceTitle "CBM 142 Extra"]
[Source "ChessBase"]
[SourceDate "2011.06.27"]
[SourceVersion "1"]
[SourceVersionDate "2011.06.27"]
[SourceQuality "1"]

1. d4 Nf6 2. c4 g6 3. Nc3 d5 4. cxd5 Nxd5 5. e4 Nxc3 6. bxc3 Bg7 7. Nf3 c5 8. Rb1 0-0 9. Bd2 Nc6 10. d5 Ne5 11. Be2 b6 12. 0-0 e6 13. Nxe5 Bxe5 14. c4 exd5 15. exd5 f5 16. Rb3 f4 17. Bc3 Qf6 18. Bxe5 Qxe5 19. Bf3 Ba6 20. Re1 Qd4 21. Qxd4 cxd4 22. Be2 Rfe8 23. Kf1 Rac8 24. Ra3 Bxc4 25. Bxc4 Rxe1+ 26. Kxe1 Rxc4 27. Rxa7 d3 28. d6 Rd4 29. d7 Kf8 30. Ra8+ Ke7 31. d8Q+ Rxd8 32. Rxd8 Kxd8 33. Kd2 Kd7 34. Kxd3 g5 35. h4 h6 36. hxg5 hxg5 37. Ke4 Ke6 38. a4 Kf6 39. Kd5 Kf5 40. Kc6 Ke4 41. Kxb6 Kd3 42. a5 Ke2 43. f3 Kf2 44. a6 Kxg2 45. a7 Kxf3 46. a8Q+ Kg3 47. Qd5 g4 48. Qh1 f3 49. Qg1+ Kh3 50. Kc5 g3 51. Kd4 g2 52. Ke4 f2 53. Qxf2 Kh2 54. Qh4+ Kg1 55. Kf3 1-0

[Event "CZE-chT2B 1011"]
[Site "Czech Republic"]
[Date "2010.12.05"]
[Round "4.6"]
[White "Papay, Marek"]
[Black "Stefanik, Oldrich"]
[Result "1/2-1/2"]
[WhiteElo "2029"]
[BlackElo "1870"]
[PlyCount "54"]
[EventDate "2010.10.17"]
[EventType "team-tourn"]
[EventRounds "11"]
[EventCountry "CZE"]
[SourceTitle "EXT 2012"]
[Source "ChessBase"]
[SourceDate "2011.11.24"]
[SourceVersion "1"]
[SourceVersionDate "2011.11.24"]
[SourceQuality "1"]
[WhiteTeam "Decin"]
[BlackTeam "Lipa"]
[WhiteTeamCountry "CZE"]
[BlackTeamCountry "CZE"]

1. d4 d5 2. c4 e6 3. Nc3 dxc4 4. e4 Nf6 5. Bxc4 a6 6. a4 Be7 7. Nf3 0-0 8. 0-0 c6 9. Be3 Nbd7 10. Rc1 b5 11. Bd3 b4 12. Ne2 Bb7 13. Nf4 Ng4 14. e5 c5 15. h3 Nxe3 16. fxe3 cxd4 17. exd4 g6 18. Bc4 Nb6 19. Bb3 a5 20. Qd2 Qd7 21. Rfd1 Rfd8 22. Qe2 Rac8 23. Rxc8 Qxc8 24. Qb5 Nd5 25. Nxd5 Bxd5 26. Bxd5 Rxd5 27. Qd3 Qd7 1/2-1/2

[Event "Teplice op 5th"]
[Site "Teplice"]
[Date "2010.06.19"]
[Round "8"]
[White "Cerny, Martin"]
[Black "Papay, Marek"]
[Result "0-1"]
[WhiteElo "2193"]
[BlackElo "1937"]
[PlyCount "64"]
[EventDate "2010.06.12"]
[EventType "swiss"]
[EventRounds "9"]
[EventCountry "CZE"]
[SourceTitle "CBM 136 Extra"]
[Source "ChessBase"]
[SourceDate "2010.07.02"]
[SourceVersion "2"]
[SourceVersionDate "2010.07.15"]
[SourceQuality "1"]

1. d4 d5 2. c4 dxc4 3. Nf3 Nf6 4. e3 e6 5. Bxc4 c5 6. 0-0 a6 7. a4 Nc6 8. Qe2 Be7 9. Rd1 Qc7 10. Nbd2 0-0 11. Nb3 cxd4 12. exd4 Nd5 13. Bd2 Bd6 14. Qe4 Nf6 15. Qh4 e5 16. Bd3 e4 17. Bxe4 Nxe4 18. Qxe4 g6 19. Bg5 Bf5 20. Qh4 Bc2 21. d5 Bxd1 22. Rxd1 Ne5 23. Nfd4 Rfe8 24. f4 Nc4 25. f5 Ne3 26. Rd3 Nxd5 27. Rh3 h5 28. Qf2 Bf4 29. Bxf4 Qxf4 30. Rf3 Qe4 31. g4 hxg4 32. Rg3 Ne3 0-1

[Event "Teplice op 5th"]
[Site "Teplice"]
[Date "2010.06.17"]
[Round "6"]
[White "Volek, Radomir"]
[Black "Papay, Marek"]
[Result "0-1"]
[WhiteElo "2033"]
[BlackElo "1937"]
[PlyCount "66"]
[EventDate "2010.06.12"]
[EventType "swiss"]
[EventRounds "9"]
[EventCountry "CZE"]
[SourceTitle "CBM 136 Extra"]
[Source "ChessBase"]
[SourceDate "2010.07.02"]
[SourceVersion "2"]
[SourceVersionDate "2010.07.15"]
[SourceQuality "1"]

1. e4 c6 2. d4 d5 3. exd5 cxd5 4. c3 Nc6 5. Nf3 Nf6 6. Bf4 Bg4 7. Qb3 Qb6 8. Qxb6 axb6 9. Ne5 Nxe5 10. dxe5 Nd7 11. Bb5 e6 12. 0-0 h6 13. f3 Bf5 14. a4 g5 15. Be3 Bc5 16. Bd4 Ke7 17. b4 Bxd4+ 18. cxd4 Rhc8 19. a5 bxa5 20. bxa5 Rc2 21. Ra3 Rac8 22. Rb3 Nb8 23. Na3 Rd2 24. Ba4 Rc7 25. Rb6 Bd3 26. Ra1 Ba6 27. Bb5 Bxb5 28. Nxb5 Rcc2 29. Rxb7+ Nd7 30. Na3 Rxg2+ 31. Kh1 Rxh2+ 32. Kg1 Rcg2+ 33. Kf1 h5 0-1

[Event "Teplice op 5th"]
[Site "Teplice"]
[Date "2010.06.12"]
[Round "1"]
[White "Kantorik, Marian"]
[Black "Papay, Marek"]
[Result "1-0"]
[WhiteElo "2390"]
[BlackElo "1937"]
[PlyCount "53"]
[EventDate "2010.06.12"]
[EventType "swiss"]
[EventRounds "9"]
[EventCountry "CZE"]
[SourceTitle "CBM 136 Extra"]
[Source "ChessBase"]
[SourceDate "2010.07.02"]
[SourceVersion "2"]
[SourceVersionDate "2010.07.15"]
[SourceQuality "1"]

1. d4 Nf6 2. c4 g6 3. Nc3 d5 4. cxd5 Nxd5 5. Na4 Bg7 6. e4 Nb6 7. Be3 0-0 8. Nf3 Nc6 9. Be2 Re8 10. 0-0 Bg4 11. d5 Ne5 12. Nc5 Nxf3+ 13. Bxf3 Bxf3 14. Qxf3 Rb8 15. Qe2 a6 16. Rac1 Nd7 17. Bf4 Ne5 18. Bg3 Qd6 19. Rfd1 Rec8 20. f4 Nd7 21. e5 Qb6 22. Bf2 Nxc5 23. Bxc5 Qa5 24. b4 Qa4 25. Bxe7 Qd7 26. Bc5 Bf8 27. e6 1-0